000 01064nmm a2200349 a 4500
001 ocm0001232187
003 TR-IsHL
005 20201028155830.0
008 150709s2013 tu tur
007 cr cn
035 _a1232187
_b(N$T)
050 0 4 _aLC910
_b.C45 2013
090 0 4 _aLC910
_b.C45 2013
100 1 _aÇelik, Abbas
245 1 0 _aDin eğitimi
_h[electronic resource] /
_cAbbas Çelik ; editör Aydın Coşkun
260 _aİstanbul :
_bArı Sanat Yayınları,
_c2013
300 _a209 p.
500 _aKaynakça ve dizin var.
_x
650 4 _aEğitim
650 4 _aEducation
650 0 _aDin eğitimi
650 0 _aDin eğitimi
_xİslam
650 0 _aIslam
_xEducation
650 0 _aIslamic education
650 0 _aMadrasa education
650 0 _aMedrese eğitimi
650 0 _aReligious education
650 0 _aReligious education
_xIslam
650 7 _aRELIGION / Education
_2bisacsh
700 1 _aCoşkun, Aydın
856 4 0 _uhttp://search.ebscohost.com/login.aspx?direct=true&scope=site&db=e011xww&AN=1232187
999 _c13288
_d13288